| 000 | 00542nam a2200157 4500 | ||
|---|---|---|---|
| 001 | 108478 | ||
| 003 | ES-MaACL | ||
| 005 | 20230906184641.0 | ||
| 007 | t| | ||
| 008 | 061121s1963 sp r ||||1| spa d | ||
| 245 | 0 | 4 |
_aLos montes españoles _b: Política y administración forestal. |
| 260 |
_aMadrid : _bDirección General de Montes, Caza y Pesca Fluvial, _c1963. |
||
| 300 |
_a158 p., 23 láms. : _bil ; _c30 cm. |
||
| 710 | 1 |
_aEspaña. _bDirección General de Montes, Caza y Pesca Fluvial. _93758 |
|
| 852 |
_aES-MaACL _jC-30090 _bR.53989 |
||
| 999 |
_c108478 _d108478 |
||